000 00750nam a22002297a 4500
003 UA-OsUOA
001 47772
007 ta
008 20070820b un ||||| |||| 00| 0 ukr d
090 _a261.7
_bР36
942 _cBK
040 _aUA-OsUOA
_bukr
_cUA-OsUOA
_dUA-OsUOA
245 _aРелігійна свобода: Гуманізм і демократизм законодавчих ініціатив в сфері свободи совісті
_bМіжнародний і український контекст
300 _a111 с.
955 _a2
041 _aukr
080 _a261.7
020 _a966-7742-00-8
260 _aК.
_c2000
650 7 _a26 Християнська Церква загалом
_2UDC
999 _c333878
_d333878